• 首页
  • 本馆介绍
  • 公告通知
  • 最新文献
  • 馆藏检索
  • 电子资源
  • 读者导购
  • 参考咨询
  • 我的图书馆
  • 登录
  • 详细信息显示
  • 放入我的书架
  • 预约/预借图书
  • 作者相关作品
  • 分类相关作品
  • 丛书相关作品
  • 出版社相关作品

书目信息

  • 表格格式
  • 工作单格式
  • 卡片格式
题名:
当代著名作家短文示范精品
    
 
作者: 王蒙 主编
分册:   议论卷
出版信息: 长沙   湖南少年儿童出版社  2001
页数: 447页
开本: 20cm
丛书名:
单 册:
中图分类: H194.4
科图分类:
主题词: 汉语--语言教学
电子资源:
ISBN: 7-5358-2086-7
000 00626nam0 2200205 45
001 0304160967
005 20031219104109.4
010    @a7-5358-2086-7@dCNY19.50
100    @a20030416d2001 km y0chiy0120 ea
101 0  @achi
105    @a z 000yy
200 1  @a当代著名作家短文示范精品@i议论卷@ADang Dai Zhu Ming Zuo Jia Duan Wen Shi Fan Jing Pin@f王蒙主编@FWang Meng Zhu Bian
210    @a长沙@c湖南少年儿童出版社@d2001
215    @a447页@d20cm
517    @a议论卷@AYi Lun Juan
606 0  @a汉语@x语言教学
690    @aH194.4@v4
701  0 @a王蒙@4主编
801    @aCN@bTSTC@c20030416
905    @b322874-878@dH194.4@e160@f5
    
    当代著名作家短文示范精品.议论卷/王蒙主编.-长沙:湖南少年儿童出版社,2001
    447页;20cm
    
    
    ISBN 7-5358-2086-7:CNY19.50
    
●
相关链接 在E读中查询图书 在五车中查询图书 在当当中查询图书 在豆瓣中查询图书


正题名:当代著名作家短文示范精品     索取号:H194.4/160         预约/预借

序号 登录号 条形码 馆藏地/架位号 状态 备注
1 0322874   203228747   第四借阅区/ [索取号:H194.4/160] 在馆    
2 0322875   203228756   第四借阅区/ [索取号:H194.4/160] 在馆    
3 0322876   203228765   第四借阅区/ [索取号:H194.4/160] 在馆    
4 0322877   203228774   第四借阅区/ [索取号:H194.4/160] 在馆    
5 0322878   203228783   第二样本阅览室/ [索取号:H194.4/160] 在馆    
唐山师范学院图书馆 欢迎您!
大连网信软件有限公司© 版权所有